01129nam a2200193Ia 4500001001100000003001000011008004100021040002500062041001300087100001800100245007600118250001100194260005700205300001300262500026200275501011400537520026200651650002200913L900-39931IT-CnALBA170116s9999||||xx |||||||||||||| ||und|| aIT-CnALBAcIT-CnALBA aITALIANO aCANTU' CESARE 0aSTORIA UNIVERSALE. TOMO XVIII. EPOCA XVII. PARTE PRIMA. TEMPI MODERNI.  a3a ed. a TORINO.bPOMBA GIUSEPPE & C. c1846 [1° Ed.: n.d.] a1160 p.  aFILIPPO V. REGGENZA IN FRANCIA. GUERRA DI SUCCESSIONE AUSTRIACA. PRUSSIA. PACE DI AQUISGRANA. FRANCIA. CORSICA. CIVILTÀ SOPPRESSIONE DEI GESUITI. TURCHIA. PERSIA RUSSIA. POLONIA. SVEZIA DANIMARCA. GRAN BRETAGNA. COLONIE ANGLO AMERICANE. INDIA. AUSTRIA. MA aSocietà San Paolo EM - Piazza San Paolo, 14 - 12051 ALBA (CN) (non commercial uses only) ® Copyright 2017 aFILIPPO V. REGGENZA IN FRANCIA. GUERRA DI SUCCESSIONE AUSTRIACA. PRUSSIA. PACE DI AQUISGRANA. FRANCIA. CORSICA. CIVILTÀ SOPPRESSIONE DEI GESUITI. TURCHIA. PERSIA RUSSIA. POLONIA. SVEZIA DANIMARCA. GRAN BRETAGNA. COLONIE ANGLO AMERICANE. INDIA. AUSTRIA. MA aSTORIA UNIVERSALE